Religion catholique : l'oraison finale du rosaire / chapelet - Statistiques

Statistiques générales
  • Ce quiz a été pris 8 fois
  • Le résultat moyen est 32 sur 71
Statistiques - réponses
Prière % Correct
de
71%
de
71%
Jésus
71%
notre
71%
O
71%
a
57%
Christ,
57%
du
57%
et
57%
et
57%
la
57%
la
57%
la
57%
le
57%
Le
57%
Marie,
57%
mon
57%
par
57%
par
57%
qu'
57%
qu'
57%
qu'
57%
Sa
57%
Sa
57%
Sa
57%
sainte
57%
vie,
57%
vie
57%
Vierge
57%
Ainsi
43%
Dieu
43%
dont
43%
en
43%
éternelle,
43%
Fils
43%
il !
43%
nous
43%
nous,
43%
nous
43%
nous
43%
pour
43%
rosaire
43%
saint
43%
Seigneur.
43%
soit-
43%
supplions,
43%
sur
43%
très
43%
très
43%
Vous
43%
accordez-
29%
après
29%
avoir
29%
ce
29%
ce
29%
ces
29%
contiennent
29%
ils
29%
ils
29%
imiter
29%
médité
29%
même
29%
mort
29%
mystères
29%
obtenir
29%
promettent,
29%
puissions
29%
racheté
29%
récompense
29%
résurrection,
29%
unique
29%
Aucun quiz correspondant
Distribution des résultats
% des personnes avec chaque résultat
Percentile par nombre de réponses
Votre historique - résultats
Vous n’avez pas pris ce quiz